| 000 | 00683nam a2200229 a 4500 | ||
|---|---|---|---|
| 001 | BRCA_4446 | ||
| 005 | 20190320204656.0 | ||
| 008 | 260810m19511952mx-a######---#000-0#eng-# | ||
| 041 | _aeng | ||
| 044 | _amx | ||
| 050 | 4 |
_aF1204.5 _b.A54 3 _c1951 |
|
| 245 | 1 | 0 |
_aAnglo-American Directory of Mexico _b(AA.D.O.M) _cRuth Poyo, editor. |
| 260 |
_aMéxico _bRuth Poyo _c1951-1952 |
||
| 300 |
_axvi, 511 p. _bil. _c20 cm. |
||
| 500 | _aIncluye lista onomástica de Embajadores y Cónsules | ||
| 500 | _aVer también AM70 (1946) y H3 (1942) | ||
| 500 | _aS106 | ||
| 651 | 4 |
_aAmérica _vDirectorios _zMéxico _910980 |
|
| 700 | 1 |
_aPoyo, Ruth _eed. _911271 |
|
| 902 | _aGFM | ||
| 942 |
_2lcc _cB |
||
| 999 |
_c4155 _d4155 |
||